| 000 | 00309nam a22001217a 4500 | ||
|---|---|---|---|
| 020 | _a8174901493 | ||
| 082 |
_a808.831 _bDHI _cL-NUST-01, P-47 |
||
| 245 | _aFamous Fairy and Folk Tales | ||
| 260 |
_aDelhi _bDhingra |
||
| 300 |
_aP71 _bill _c22cm |
||
| 526 |
_a0 _b0 _c0 _d808_831000000000000_DHI |
||
| 942 |
_2ddc _cBK |
||
| 999 |
_c550153 _d550153 |
||